000 00462nam a2200181Ia 4500
005 20250603145842.0
008 250603s9999 xx 000 0 und d
020 _a9781592210015
050 _aHJ 8842.5 .D433/
100 _aOkonjo-Iweala, Ngozi
245 4 _aThe debt trap in Nigeria : towards a sustainable debt strategy
260 _aTrenton
260 _bAfrica World Press
260 _c 2003
300 _a280 p
650 _aTrenton
942 _cBK
999 _c43049
_d43049